<?xml version="1.0" encoding="UTF-8"?>
<collection xmlns="http://www.loc.gov/MARC21/slim">
 <record>
  <leader>00688nmm a2200169   4500</leader>
  <controlfield tag="001">1/33137</controlfield>
  <controlfield tag="008">070820suuuu    gr     f   ba       gre  </controlfield>
  <datafield tag="020" ind1=" " ind2=" ">
   <subfield code="a">9603682012</subfield>
  </datafield>
  <datafield tag="035" ind1=" " ind2=" ">
   <subfield code="l">35545</subfield>
  </datafield>
  <datafield tag="040" ind1=" " ind2=" ">
   <subfield code="a">GR-PeUP</subfield>
  </datafield>
  <datafield tag="082" ind1="0" ind2="0">
   <subfield code="a">CD-ROM 612.003 ΕΓΚ</subfield>
  </datafield>
  <datafield tag="245" ind1="0" ind2="0">
   <subfield code="a">Εγκυκλοπαίδεια του ανθρώπινου σώματος</subfield>
   <subfield code="h">Αρχείο[Η/Υ].</subfield>
  </datafield>
  <datafield tag="260" ind1="0" ind2=" ">
   <subfield code="a">Αθήνα :</subfield>
   <subfield code="b">Ερευνητές,</subfield>
   <subfield code="c">2000.</subfield>
  </datafield>
  <datafield tag="300" ind1=" " ind2=" ">
   <subfield code="a">1 οπτικός δίσκος Η/Υ :</subfield>
   <subfield code="b">έγχρ. ;</subfield>
   <subfield code="c">4 3/4 in.</subfield>
  </datafield>
  <datafield tag="650" ind1=" " ind2="4">
   <subfield code="a">Σώμα, Ανθρώπινο</subfield>
   <subfield code="x">Εγκυκλοπαίδειες.</subfield>
  </datafield>
  <datafield tag="650" ind1=" " ind2="4">
   <subfield code="a">CD-ROMs.</subfield>
  </datafield>
  <datafield tag="852" ind1=" " ind2=" ">
   <subfield code="a">INST</subfield>
   <subfield code="b">UNIPILB</subfield>
   <subfield code="c">MMEDIA</subfield>
   <subfield code="e">20070820</subfield>
   <subfield code="h">CD-ROM 612.003 ΕΓΚ</subfield>
   <subfield code="p">00153171</subfield>
   <subfield code="q">00153171</subfield>
   <subfield code="t">NOLOAN</subfield>
   <subfield code="y">23</subfield>
   <subfield code="4">1</subfield>
  </datafield>
 </record>
</collection>
